000 01122cam a2200265 a 4500
003 EG-GiCUC
008 160517m19709999ku g 000 0 ara d
040 _aEG-GiCUC
_bara
_cEG-GiCUC
092 0 4 _a237.1
_bH154
_221
099 _a04
_a237.1 H154
100 1 _aابن حجر العسقلانى : احمد بن على :
_d1372-1449
245 1 2 _aالمطالب العالية بزوائد المسانيد الثمانية /
_c للحافظ ابن حجر احمد بن على العسقلانى (773-852هـ) ؛ تحقيق حبيب الرحمن الاعظمى
250 _a
260 _aالكويت :
_bالمطبعة العصرية :
_c1970
300 _aمج؛
_c24
504 _aيشتمل على ارجاعات ببليوجرافية
590 _aالمكتبة تقتنى فقط المجلد الاول
650 7 _aالحديث
_xالمسانيدv
_2qrmak
700 1 _aالاعظمى : حبيب الرحمن
902 _a1
905 _aابراهيم
_eمراجع
905 _aرضا
_eمدخل
942 _2ddc
_cBK
999 _c143702
_d143702